000 00603nam a2200229Ia 4500
003 OSt
005 20221005133337.0
006 a|||||r|||| 00| 0
007 ta
008 221004b |||||||| |||| 00| 0 eng d
024 _a66631
037 _cTextual
040 _aCRL
_cCRL
_beng
041 _2eng
_aeng
082 _aV53:1wL8, E4
100 _aHaggard Andrew C P
_9642398
245 0 _aWomen of the revolutionary era, or some who stirred France.
260 _c1914
650 _aHISTORY
942 _hV53:1wL8, E4
_cTEXL
_2cc
999 _c1066540
_d1066540